Statistics for World History Quiz

Click here to take the quiz!

General Stats

  • This quiz has been taken 63 times
  • The average score is 10 of 15

Answer Stats

QuestionAnswer% Correct
When did world war 1 start? (year only)1914
88%
Which US president was assassinated in 1963?John F Kennedy
88%
What killed all the dinosaurs 65 million years ago?meteor
84%
Who became the first black President in the United States?Barack Obama
83%
Which country was created in the Middle East in 1948?Israel
83%
Who's assassination triggered the above war?Archduke Franz Ferdinand
78%
What was the name of the supercontinent on earth before splitting up?pangea
76%
Which country was invaded by the US in 2003?Iraq
71%
What wall was built in 1961?Berlin Wall
67%
Which country was split up as a result of the creation of the above country?Palestine
64%
Who was the leader of the USSR at the end of the Cold War?Mikhail Gorbachev
60%
What was the first major religion created?hinduism
57%
Which treaty was created to end world war 1?Treaty of Versailles
52%
Which city is considered to be the oldest in the world?jericho
29%
Which superpowers were involved in the Cold War?United States & Soviet Union
19%

Score Distribution

Percentile by Number Answered

Percent of People with Each Score

Your Score History

You have not taken this quiz